Applied veterinary anatomy

Guardado en:
Detalles Bibliográficos
Autor principal: Delahunta, Alexander
Formato: Libro
Lenguaje:Undetermined
Publicado: Philadelphia Saunders 1986
Materias:
Etiquetas: Agregar Etiqueta
Sin Etiquetas, Sea el primero en etiquetar este registro!
Thư viện lưu trữ: Trung tâm Học liệu Trường Đại học Cần Thơ
LEADER 00499nam a2200181Ia 4500
001 CTU_126014
008 210402s9999 xx 000 0 und d
082 |a 636.0891 
082 |b D331 
100 |a Delahunta, Alexander 
245 0 |a Applied veterinary anatomy 
245 0 |c Alexander Delahunta, Robert E. Habel 
260 |a Philadelphia 
260 |b Saunders 
260 |c 1986 
650 |a Veterinary anatomy 
904 |i Hiếu 
980 |a Trung tâm Học liệu Trường Đại học Cần Thơ